| 000 | 00996cab a2200181 4500 | ||
|---|---|---|---|
| 001 | ##L132992 | ||
| 008 | 060331n2006 000 0 eng u | ||
| 035 | _a(Sirsi) u132992 | ||
| 041 | 0 | _aeng | |
| 100 | 1 | _aChesters, Laura | |
| 245 | 0 | 0 | _aTrouble in bulk |
| 260 | _c2006 | ||
| 490 | 0 |
_aProperty Week _v71(12) 24 March 2006, 30-32(3) |
|
| 520 | _aLooks at the retail slowdown in the bulky-goods sector, particularly for household goods and furniture, which is likely to constrain rental growth in the short term as retailers' space requirements decline. Although the longer-term outlook is for a return to growth, it is anticipated that retailers will seek more flexible leases with fixed or indexed rent increases, rather than open market reviews. The move of high street retailers to out-of-town retail parks with open A1 consents however continues. | ||
| 590 | _aIKA110406 | ||
| 690 | _aPROPERTY-COMMERCIAL PROPERTY-RETAIL PROPERTY-OUT OF TOWN RETAIL PROPERTY-RETAIL PARKS | ||
| 942 | _n0 | ||
| 999 |
_c76738 _d76738 |
||